MDQL
is popping MORE tags! Check the
thread
!
Quizzes
Events
Quiz Creation
Community
Videos
Private Events
Remove Ads
Sign In
Join for FREE
Feedback
Dark Mode
Quiz Categories
Sports
Geography
Music
Movies
Television
Just For Fun
Miscellaneous
History
Literature
Language
Science
Gaming
Entertainment
Religion
Holiday
For Kids
Quiz Lab
Recent
Popular Today
Quiz Kudos Today
Editor Picks
Curator Picks
Quizzes by...
Day
Popularity
Type
Ratings
Length
Year
Community
Subscriptions
Recent Discussions
Orange Saloon
Badges
Playlists
Quests
Create
Leaderboards
Showdown
Live 5
Trivia Bingo
Activity
Puzzle Library
Sporcle Events
Private Events
Virtual Trivia
Globe League
Become a Host
Pub Owners
SporcleCon
Opinionation
Our Games
Videos
Blog
Mobile Apps
Partnerships
Remove Ads and Go Orange
Feedback
Sports
Athletes
MLB
NBA
NHL
NFL
Soccer
Sports Teams
WWE
NCAA
Football
Premier League
Basketball
Baseball
Hockey
Golf
Tennis
Cricket
Rugby
Auto Racing
Olympics
World Cup
Sports
Athletes
MLB
NBA
NHL
NFL
Soccer
Sports Teams
WWE
NCAA
Football
Premier League
Basketball
Baseball
Hockey
Golf
Tennis
Cricket
Rugby
Auto Racing
Olympics
World Cup
Random Quiz
Search Sporcle
×
Quiz Lab
Quiz Lab
Sports
arena
Type in answers that appear in a list
Type in answers that appear in a list
Classic
Best Score? Go Orange.
Pundit Arena Daily Sports Quiz Challenge – Day 18 Stats
Pundit Arena Daily Sports Quiz Challenge – Day 18
By
robertredmond
5m
20 Questions
16.5K Plays
16,542 Plays
16,542 Plays
Comments
Comments
Give Quiz Kudos
Give Quiz Kudos
-
- Ratings
hide this ad
Replay
Link that replays current quiz
Next Quiz
Link to next quiz in quiz playlist
You Got
0%
They Got
Avg Score
52%
Avg Friend Score
Upgrade to see
Score Distribution
Jump to the score distribution portion of the page
Score
0/20
Timer
05:00
0
Plays Today
Hint
Answer
% Correct
Boxer Manny Pacquiao is from here
Philippines
99.1%
Gary Neville's brother
Phil Neville
99%
They won the 1990 World Cup
West Germany
74.4%
Team based in Rome who wear sky-
blue kits
Lazio
67.3%
Host of the 1994 World Cup
United States
66.1%
They have lost every Rugby World Final they have played in
France
64.1%
Midfielder who had a very long throw
Rory Delap
61.2%
He was dubbed, 'The Welsh Xavi', by Brendan Rodgers
Joe Allen
58%
English club who won the European Cup in 1982
Aston Villa
57.9%
Football team nicknamed, 'The Crazy Gang'
Wimbledon
56.1%
Hint
Answer
% Correct
Scotland football team play their games here
Hampden Park
55.8%
Player from Spain with the most Premier League appearances (350)
Cesc Fàbregas
52.8%
NFL team based in Jacksonville
Jacksonville Jaguars
46.8%
Boxer who blamed a 'a broken little toe' on losing a world heavyweight title bout
David Haye
46.3%
He won the 2016 Formula One World Championship
Nico Rosberg
30%
Midfielder who lost two Champions League finals, a European Championship final and was suspended for the World Cup final
Michael Ballack
29.8%
NBA team based in Oklahoma
Oklahoma City Thunder
29%
Preston-
born winger who played 110 times for Ireland
Kevin Kilbane
25.3%
Ulster rugby team play here
Ravenhill
22.1%
The only English player to play in a Champions League final to not get an England cap
Jermaine Pennant
7.4%
Quiz Playlist
Details
Report
Send in Message
Add To Playlist
Classic:
Type in answers that appear in a list
Last Updated: May 15, 2020
Quiz Scoreboard
CHALLENGE
Sign Up to Join the Scoreboard
Show All
Scores
Hide
Comments
May contain spoilers
Recently Published
Holiday 10x10 Sorting Gallery
by lukepisani3
Holiday
15m
Two Season TV Shows II
by 123Four
Television
10m
Image Sorting: Flags VI
by Barbecue
Geography
2m
More to Explore
Quiz From the Vault
Featured Blog Post
14 Easter Pick-up Lines to Find Eggs With
hide this ad
You Might Also Like...
Tags
arena
challenge
Daily
pundit
Today's Top Quizzes in Sports
Browse Sports
hide this ad
Today's Top Quizzes in arena
Browse arena
Top Contributed Quizzes in Sports
1
Les meilleurs buteurs des matchs entre le PSG et l’OM
2
Les entraîneurs de l'OM et du PSG au 21e siècle
3
2022 World Cup Stars
4
Les joueurs passés par le PSG et l'OM
5
Players with Multiple 50 Home Run Seasons
6
FIFA Club World Cup Champions
7
Top 10 NHL Goal Scorers of All Time
8
Les joueurs passés par le LOSC et le RC Lens
9
Criteria MLB: Left Handed Sluggers
10
2023 MLB Unique Player Accomplishments
Explore More
Trending Topics
Crossword
Disney
Harry Potter
Anime
Marvel
NBA
Kpop
Soccer
Song
WWE
Country
NFL
The Office
Pokémon
Puzzle
hide this ad
More By:
robertredmond
Quiz
Plays
Rating
Category
Featured
Created
Football League clubs beginning with S
225,979
2.06
Sports
Feb 26, 2017
Premier League clubs relegated since 2007
207,475
2.88
Sports
Feb 24, 2017
Name the clubs beginning with M, and N
153,446
1.47
Sports
Mar 3, 2017
Manchester United number 7s
141,937
1.61
Sports
Mar 9, 2017
Teams never relegated quiz
141,179
1.30
Sports
Feb 28, 2017
Go to Creator's Profile
Score Distribution
Quiz Creator Spotlight
robertredmond
Follow
Send a Message
Quizzes Created
-
Created Quiz Play Count
-
More By This Creator
Popular Quizzes Today
1
Find the US States - No Outlines Minefield
2
Colored Red Africa Blitz
3
Find the 'City' Movie
4
The Countries of the World
5
Find the US States
6
5x2 Blitz: Bands
7
Find the Countries of Europe - No Outlines Minefield
8
US States
More Sports Quizzes
Big 4 Record Numbers
Published
Trending Quizzes
Colored Red Europe Blitz I
Colored Red Europe Blitz II
Colored Red Africa Blitz II
Colored Red Europe Blitz III
Colored Red Africa Blitz III
Recently Updated
Odd Team Out - Big 4 Players
pecheneg
Quick Pick: 20 Twenties
pecheneg
March Madness Men's Triple Doubles
pecheneg
How Do You Spell That?
pecheneg
Godzilla Movies
pecheneg
Grab Bag: 4-10 Letters
pecheneg
2024 March Madness Bracket
pecheneg
Famous TV Couples
Peacemaker
Champions League XIs: Real Madrid
pecheneg
Largest US Cities 1790-2010
pecheneg
Trending Topics
NBA
Harry Potter
Disney
Marvel
Crossword
Anime
Kpop
Song
Puzzle
WWE
The Office
Pokémon
NFL
Country
Soccer
Your Account Isn't Verified!
In order to create a playlist on Sporcle, you need to verify the email address you used during registration. Go to your
Sporcle Settings
to finish the process.
Report this User
Report this user for behavior that violates our
Community Guidelines
.
Details:
Send Report
Go to the Sporcle.com Mobile Site →
Comments